| 000 | 00480cam a22001457a 4500 | ||
|---|---|---|---|
| 008 | 180718b1970 xxu||||| |||| 00| 0 eng d | ||
| 082 | _aT213x42 Sa15 | ||
| 100 | _aSadler, Philip | ||
| 245 |
_aOrganisational development: case studies in the printing industry _cby Philip Sadler and Bernard Barry |
||
| 260 |
_aLondon _bLongmans _c1970 |
||
| 300 | _axi, 235p. | ||
| 650 | _aPrinting industry --Management | ||
| 650 | _aPrinting industry --Great Britain | ||
| 700 | _aBarry, Bernard | ||
| 999 |
_c430141 _d430141 |
||